000 00486nam a22001577a 4500
999 _c1931
_d1931
008 200207b ||||| |||| 00| 0 eng d
082 0 0 _a621.3133
_bC682
100 _91476
_aMollow, E.
245 1 0 _aAC motors and control gear: a practical work for installation engineers, contractors, plant engineers and works electricians
_cby E Molloy
250 _a4th
260 _aLondon
_bGeorge Newnes
_c1948
300 _avii,238p.
365 _d5.03
650 0 _aElectric Motors
942 _cBK